000 00982nam2a22002531 4500
001 v19\rc\1307279
005 20250618024322.0
035 _a(NLR Aleph) 004454571
090 _a4489195
_c4489195
100 _a20060512g19001902|||y0rusy50 ca
101 0 _arus
102 _aRU
105 _ay z |||||
200 1 _aКраткий курс геометрического черчения и начертательной геометрии
210 _d1900 (обл. 1902)
_aБ. м.
461 0 _1001v19\rc\1307274
_12001#$aШкола современного механика$eТ. 1$vТ. 5$90
_94489172
_cСанкт-Петербург
_d1900-1910
_nГ.В. Гольстен
_oТ. 1
_tШкола современного механика
_vТ. 5$90
700 1 _aШтаде
_bФ.
_gФранц
701 1 _aЗейдель
_bМ.
_gМакс
801 0 _aRU
_bNLR
_gpsbo
801 1 _aRU
_bProSoft-M
_2rusmarc
852 _aNLR
_j132/3083
852 _aNLR
_j38.77.3.32
942 _cBOOK
980 _aNB